00000000nam 2200000za 4500
0019.699176
003CaOODSP
00520241127083117
007cr |||||||||||
008150407|1995||||xxc|||||o    f|0| 0 eng d
040 |aCaOODSP|beng
043 |an-cn---
0861 |aEn39-2/1995E-PDF
1102 |aCanada Centre for Inland Waters.
24510|aFramework for monitoring biodiversity change (species and species groups) within the Ecological Monitoring and Assessment Network in Canada |h[electronic resource] / |cPatricia Roberts-Pichette.
260 |aBurlington - Ontario : |bEnvironment Canada. |cJuly 1995.
300 |a11p.|breferences
590 |a14-21-Supp|b2014-12-11
69007|aBiological diversity|2gcpds
69007|aEnvironmental management|2gcpds
77508|tCadre pour la surveillance des changements de la biodiversité (espèces et groupes d'espèces) dans le Réseau d'évaluation et de surveillance écologiques au Canada / |w(CaOODSP)9.643216
85640|ahttp://publications.gc.ca|qPDF|s32 KB|uhttps://publications.gc.ca/collections/collection_2014/ec/En39-2-1995-eng.pdf